000 00481 a2200169 4500
999 _c9407
_d9407
020 _a0958418594
050 _aKTL3573 MEY 2001
100 _aMeyerowitz, David, S. C.
_eauthor
245 _aMeyerowitz on income tax /
_cDavid Meyerowitz, S.C.
250 _a2000-2001 ed.
264 _aCape Town :
_bThe Taxpayer,
_c2001.
300 _aseveral pages
500 _aIncludes index
650 _aIncome tax
651 _aSouth Africa
942 _2lcc
_cBK
_e2000-2001 ed.
_h3573
_iMEY
_kKTL